000 00414 a2200145 4500
040 _aDLC
082 _a891.43901
100 _aShahjahanpuri, Abu Suleman.
245 _aKitabyaat e Qwaid e Urdu
_cAbu Suleman Shahjahanpuri
260 _aIslamabad:
_bMuqtadara Qomi Zuban,
_c1985.
300 _a136 p. ;
_c22 cm.
500 _aIncludes Index
650 _aUrdu literature--Bibliography
942 _cBK
_k891.43901SHA
_2ddc
999 _c5067
_d5067